Management of natural disasters / (Record no. 52518)
[ view plain ]
| 000 -LEADER | |
|---|---|
| fixed length control field | 01914nam a22003017a 4500 |
| 005 - DATE AND TIME OF LATEST TRANSACTION | |
| control field | 20110523142628.0 |
| 010 ## - LCCN (DPL NO) | |
| LC control number | ENG-102490 B-452344-348 |
| 020 ## - INTERNATIONAL STANDARD BOOK NUMBER | |
| International Standard Book Number | 9788176297143 |
| Terms of availability | 2200.00 |
| 035 ## - SYSTEM CONTROL NUMBER | |
| System control number | EN-86023 B-452344-348 |
| 037 ## - SOURCE OF ACQUISITION | |
| Source of stock number/acquisition | DBAD / PUB |
| 037 ## - SOURCE OF ACQUISITION | |
| Source of stock number/acquisition | Virtuous Pub/Ven |
| 082 ## - DEWEY DECIMAL CLASSIFICATION NUMBER | |
| Classification number | 363.34 |
| 100 ## - MAIN ENTRY--PERSONAL NAME | |
| Personal name | Goel, S. L. |
| 245 ## - TITLE STATEMENT | |
| Title | Management of natural disasters / |
| Statement of responsibility, etc | by S.L. Goel |
| 260 ## - PUBLICATION, DISTRIBUTION, ETC. (IMPRINT) | |
| Place of publication, distribution, etc | New Delhi |
| Name of publisher, distributor, etc | Deep & Deep Publications |
| Date of publication, distribution, etc | 2010 |
| 270 ## - ADDRESS | |
| Address | F-159, Rajouri Garden |
| City | New Delhi |
| Postal code | 110027 |
| Telephone number | 25435369,25440916 |
| 300 ## - PHYSICAL DESCRIPTION | |
| Extent | xxvi, 554 p. : |
| Dimensions | 25cm (Hb) |
| Other physical details | col. photos,maps |
| 500 ## - GENERAL NOTE | |
| General note | Includes bibliographical references and index |
| 700 ## - ADDED ENTRY--PERSONAL NAME | |
| 9 (RLIN) | 27415 |
| 942 ## - ADDED ENTRY ELEMENTS (KOHA) | |
| Institution code [OBSOLETE] | dpl |
| Item type | English Books |
| Source of classification or shelving scheme | Dewey Decimal Classification |
| Call number suffix | GOE |
| Classification part | 363.34 |
| Withdrawn status | Lost status | Not for loan | Collection code | Home library | Current library | Date acquired | Source of acquisition | Cost, normal purchase price | Full call number | Barcode | Copy number | Cost, replacement price | Koha item type |
|---|---|---|---|---|---|---|---|---|---|---|---|---|---|
| Not For Loan | Reference | Central Library | Central Library | 08/02/2012 | Allied Pub/1143/26.09.11/04/15.9.2011/09.11.2011 | 2200.00 | 363.34 GOE | B-452344 | 1 | 2200.00 | English Books | ||
| Not For Loan | Non-fiction | D.B.Act.Division | D.B.Act.Division | 23/05/2011 | DBAD / PUB | 2200.00 | 363.34 GOE | EN-86023 | 1 | 2200.00 | English Books | ||
| Not For Loan | Reference | Karol Bagh | Karol Bagh | 08/02/2012 | Allied Pub/1143/26.09.11/04/15.9.2011/09.11.2011 | 2200.00 | 363.34 GOE | B-452347 | 1 | 2200.00 | English Books | ||
| Not For Loan | Reference | Patel Nagar | Patel Nagar | 08/02/2012 | Allied Pub/1143/26.09.11/04/15.9.2011/09.11.2011 | 2200.00 | 363.34 GOE | B-452345 | 1 | 2200.00 | English Books | ||
| Not For Loan | Reference | Sarojini Nagar | Sarojini Nagar | 08/02/2012 | Allied Pub/1143/26.09.11/04/15.9.2011/09.11.2011 | 2200.00 | 363.34 GOE | B-452346 | 1 | 2200.00 | English Books | ||
| Shahdara Branch | Shahdara Branch | 08/02/2012 | Allied Pub/1143/26.09.11/04/15.9.2011/09.11.2011 | 2200.00 | 363.34 GOE | B-452348 | 1 | 2200.00 | English Books |
